00463nam a2200157Ia 4500008004100000020001400041082001700055100001300072245005700085250000700142260005500149300002300204500000700227600002100234650005000255240925s9999 xx 000 0 und d a782123708 a005.7565 GET aGet, Ken 0aAccess 2000 developer's handbook V-1 Desktop edition aNA aCalifornia:bBrooks/Cole Cengagae Learningc,1999. a644p.b1fOriginal aNA aComputer Science aComputer science, information & general works